000 00262nam a22001217a 4500
008 170527b xxu||||| |||| 00| 0 eng d
041 _aeng
080 _a331.103
100 _a27
101 _aIM
245 _aTHE RUBBER INDUSTRY
_cBAUER, P.T
942 _2udc
_cBK
999 _c14693
_d14693